000 01024nam a2200289 i 4500
003 DO-SdBNP
005 20240415151034.0
006 a||||gr|||| 00| 0
007 ta
008 240415e1991 dr ||||| |||| 00| e spa d
040 _aDO-SdBNP
_bspa
_cBNPHU
_erda
082 4 _222
_bS941t
100 1 _aSubero Isa, Jorge A.,
_d1947-
_976863
_eautor
245 1 0 _aTratado práctico de responsabilidad civil dominicana/
_cJorge A. Subero Isa
264 _aSanto Domingo :
_bUnibe,
_c1991
300 _a110, xxii páginas completadas ;
_c24 cm.
336 _2rdacontent
_atexto
_btxt
337 _2rdamedia
_asin mediación
_bn
338 _2rdacarrier
_avolumen
_bnc
500 _aIncluye bibliografía y notas al pie de páginas.
500 _aIncluye índices.
504 _aBibliografía: páginas I- III.
590 _aInventariado 2024 / MF
650 4 _aDerecho civil
_xLegislación
_zRepública Dominicana
_96943
710 2 _aUniversidad Iberoamericana (Santo Domingo, República Dominicana)
_984319
942 _2ddc
_cLBS1
999 _c56419
_d56419